Brillan monedas oxidadas / (Record no. 179569)

MARC details
000 -LEADER
campo de control de longitud fija 00799cam a2200241 4500
001 - NÚMERO DE CONTROL
campo de control 179569
003 - IDENTIFICADOR DE NÚMERO DE CONTROL
campo de control ES-MaACL
005 - FECHA Y HORA DE LA ÚLTIMA TRANSACCIÓN
campo de control 20240501063057.0
008 - DATOS DE LONGITUD FIJA--INFORMACIÓN GENERAL
campo de control de longitud fija 111222s2010 sp | |||||||| | spa d ..|
015 ## - NÚMERO DE BIBLIOGRAFÍA NACIONAL
Número de bibliografía nacional MON1103
020 ## - NÚMERO INTERNACIONAL ESTÁNDAR DEL LIBRO
Número Internacional Estándar del Libro 978-84-8109-890-7
080 ## - NÚMERO DE LA CLASIFICACIÓN DECIMAL UNIVERSAL
Número de la Clasificación Decimal Universal 821.134.2-32"19"
100 1# - ENTRADA PRINCIPAL--NOMBRE DE PERSONA
Nombre de persona Zúñiga, Juan Eduardo,
Fechas asociadas al nombre 1919-2020
9 (RLIN) 118516
245 10 - MENCIÓN DEL TÍTULO
Título Brillan monedas oxidadas /
Mención de responsabilidad, etc. Juan Eduardo Zúñiga.
260 ## - PUBLICACIÓN, DISTRIBUCIÓN, ETC.
Lugar de publicación, distribución, etc. Barcelona :
Nombre del editor, distribuidor, etc. Galaxia Gutemberg :
-- Círculo de Lectores,
Fecha de publicación, distribución, etc. imp. 2010.
300 ## - DESCRIPCIÓN FÍSICA
Extensión 147 p. ;
Dimensiones 21 cm.
490 1# - MENCIÓN DE SERIE
Mención de serie Serie Narrativa ;
Designación de volumen o secuencia [87]
830 0# - PUNTO DE ACCESO ADICIONAL DE SERIE-TÍTULO UNIFORME
Título uniforme Serie Narrativa ;
Designación de volumen o secuencia [87]
9 (RLIN) 224501
852 ## - LOCALIZACIÓN
Ubicación ES-MaACL
itemnumber 186466
Sublocalización o colección R.146815
Número de control de estantería A-11802
Signatura antigua Olim: N-4807
Ubicación en estantería Depósito 1
942 ## - ELEMENTOS DE ENTRADA SECUNDARIOS (KOHA)
Fuente del sistema de clasificación o colocación Clasificación decimal universal
Tipo de ítem Koha Libro impreso
Holdings
Estatus retirado Estado de pérdida Fuente del sistema de clasificación o colocación Estado de daño No para préstamo Biblioteca de origen Biblioteca actual Ubicación en estantería Fecha de adquisición Fuente de adquisición Total de préstamos Signatura topográfica completa Código de barras Visto por última vez Precio de reemplazo Tipo de ítem Koha
    Clasificación decimal universal     Biblioteca del Ateneo de Madrid Biblioteca del Ateneo de Madrid Depósito 1 22/12/2011 Compra   A-11802 1188643 23/02/2023 23/02/2023 Libro impreso